HSK 1 Characters - Statistics

General Stats
  • This quiz has been taken 166 times
  • The average score is 9 of 13
Answer Stats
Picture Answer % Correct
Ni
98%
Bu
88%
Hao
86%
Men
81%
ni men
77%
Mei
66%
dui bu qi
63%
Dui
61%
Nin
61%
mei guan xi
53%
Qi
52%
Guan
47%
xi
46%
No matching quizzes found
Score Distribution
Percent of People with Each Score
Percentile by Number Answered
Your Score History
You have not taken this quiz